000 00284nam a22001097a 4500
999 _c58334
_d58331
100 _aZia Arham
100 _a10ME97
245 _aImpact of Bio-Diesel Blend on Diesel Engine Using Variable Load
300 _a92p.
700 _aDepartment of Mechanical Engineering
942 _cTHESIS